000 00828na a2200277 4500
001 18104
003 MIRAKIL
005 20181213155016.0
008 161111b tu 000 0
020 _a9786051110912
035 _a14029
040 _aMilas
_btur
_cTR-AnCHP
041 _atur
082 _a923.8 Ulusoy,Y.
_bU48ö 2009
090 _a923.8 Ulusoy,Y. U48ö 2009
100 _aUlusoy, Yılmaz
245 _aÖnemsiyorum öneriyorum
_cYılmaz Ulusoy; söyleşi Nuri Dikeç
260 _aİstanbul
_bDoğan Kitap
_c2009
300 _a282 s.
_bres.
_c23 sm.
600 _aUlusoy, Yılmaz
_d1941-
_xSöyleşiler
650 _aTürk iş adamları
650 _aİş adamları
_xYaşamöyküsü
_zTürkiye
650 _aTaşımacılık
_xYaşamöyküsü
_zTürkiye
700 _aDikeç, Nuri
942 _2ddc
_cBKS
999 _c4745
_d4745